| 000 | 00973cam a2200277 a 4500 | ||
|---|---|---|---|
| 001 | 3166 | ||
| 005 | 20240215095002.0 | ||
| 020 | _a9780689874093 | ||
| 040 |
_aDLC _cDLC _dDLC _beng |
||
| 050 | 0 | 0 | _aPZ7.A1857 |
| 082 | 0 | 0 | _a468.6421 |
| 100 | 1 | _aAda, Alma Flor | |
| 245 | 1 | 0 |
_aI love Saturdays y domingos / _cby Alma Flor Ada ; illustrated by Elivia Savadier. |
| 250 | _aFirst Aladdin Paperbacks edition , September 2004 | ||
| 260 |
_aNew York : _bAladdin Paperbacks, _c2002 |
||
| 300 |
_a26 unnumbered pages : _bcolor illustrations ; _c29 cm. |
||
| 505 | _aK | ||
| 520 | _aA young girl enjoys the similarities and the differences between her English-speaking and Spanish-speaking grandparents. | ||
| 521 |
_a510
_bLexile |
||
| 521 |
_aK
_bRaz-Plus |
||
| 650 | 1 |
_aGrandparents _xFiction |
|
| 650 | 1 |
_aMexican Americans _xFiction |
|
| 700 | 1 |
_aSavadier, Elivia _eillustrator |
|
| 906 |
_a7 _bcbc _corignew _d1 _eocip _f19 _gy-gencatlg |
||
| 942 |
_2ddc _cBK _n0 |
||
| 999 |
_c3166 _d3166 |
||